Statistics for The Office (US) Hard Quiz

Click here to take the quiz!

General Stats

  • This quiz has been taken 4,008 times
  • The average score is 8 of 15

Answer Stats

Hint Answer % Correct
Where does Dwight work after leaving Dunder Mifflin in Season 3?Staples
89%
How did Ed Truck die?Decapitated
81%
What does Jan sell after getting fired from Dunder mifflin?Candles
81%
Did I...?Stutter
78%
What is Jan's baby's name?Astrid
77%
What is Erin's first name?Kelly
76%
What is the name of the branch that is closed down - revealed by Michael and Holly in their company picnic skit?Buffalo
68%
What song do Dwight and Andy sing to Erin HannonTake Me Home, Country Roads
58%
What industry was Charles Miner in before paper?Steel
57%
Name of man leading diversity day seminar in season 1?Mr. Brown
47%
What family run company do Dwight and Michael infiltrate and eventually cause the closing of?Prince Family Paper
42%
Name of Dwight's friend who coaches the Scranton branch volleyball team and curses frequently?Rolf
23%
Name of Stamford employee who quits, but is fired by Michael at the sametime?Tony Gardner
20%
Toby attended what type of school to become a clergyman?Seminary
20%
What is Kelly Kapoor's middle name?Rajnigandha
9%

Score Distribution

Percentile by Number Answered

Percent of People with Each Score

Your Score History

You have not taken this quiz